Real estate investment (Record no. 115708)

MARC details
000 -LEADER
fixed length control field 00913cam a22002055a 4500
001 - CONTROL NUMBER
control field L159153
008 - FIXED-LENGTH DATA ELEMENTS--GENERAL INFORMATION
fixed length control field 160211s2015 xxk f 000 0 eng d
020 ## - INTERNATIONAL STANDARD BOOK NUMBER
International Standard Book Number 9780415741613
035 ## - SYSTEM CONTROL NUMBER
System control number (Sirsi) u159153
041 0# - LANGUAGE CODE
Language code of text/sound track or separate title eng
100 1# - MAIN ENTRY--PERSONAL NAME
Personal name Baum, Andrew
245 00 - TITLE STATEMENT
Title Real estate investment
Remainder of title a strategic apporach
250 ## - EDITION STATEMENT
Edition statement 3rd
260 ## - PUBLICATION, DISTRIBUTION, ETC.
Place of publication, distribution, etc. Abingdon
Name of publisher, distributor, etc. Routledge
Date of publication, distribution, etc. 2015
520 ## - SUMMARY, ETC.
Summary, etc. Provides an introduction to the theory and practice of real estate investing. Examines the international real estate investment industry as it reacts to the global financial situation. Outlines the market, explains the investment process, vehicles available for investment and global portfolio investment construction. Includes discussion questions and uses case studies drawing on examples from around the world.
650 24 - SUBJECT ADDED ENTRY--TOPICAL TERM
Topical term or geographic name entry element PORTFOLIO INVESTMENT
651 #4 - SUBJECT ADDED ENTRY--GEOGRAPHIC NAME
Geographic name International
690 ## - LOCAL SUBJECT ADDED ENTRY--TOPICAL TERM (OCLC, RLIN)
Topical term or geographic name as entry element Investments
9 (RLIN) 6250
942 ## - ADDED ENTRY ELEMENTS (KOHA)
Suppress in OPAC 0
Holdings
Withdrawn status Lost status Source of classification or shelving scheme Damaged status Not for loan Home library Current library Shelving location Date acquired Total Checkouts Full call number Barcode Date last seen Copy number Price effective from Koha item type
    Dewey Decimal Classification     London London Books 11/02/2016   333.33 BAU 30075259 06/08/2019 1 06/08/2019 Book